00551 2200205 4500001002100000005001500021035002000036245005400056100002300110250001700133300003200150260002600182082000800208084001400216020002200230650002000252008004100272990001600313990001600329INLIS00000000000021520240827090539 a0010-05240001371 aSi Cantik dan Pejuang Cilik /cDrs. Johnny Lorang0 aDrs. Johnny Lorang acetakan ke-1 av, 102 hlm :bilus ;c21 cm aSolo :bDeriko,c2007 a813 a813 DRS s a978-979-1423-18-2 4aFiksi Indonesia240827 0  a00000000636 a00000003150